[Event "Portoroz SLO"]
[Site "Portoroz SLO"]
[Date "1975.??.??"]
[Round "?"]
[White "Velimirovic, Dragoljub"]
[Black "Hort, Vlastimil"]
[Result "1/2-1/2"]
[WhiteElo "2525"]
[BlackElo "2600"]
[PlyCount "29"]
[EventDate "1975.??.??"]
[Source "www.chesslib.no"]
[SourceDate "2004.05.04"]

1. e4 c6 2. d4 d5 3. exd5 cxd5 4. c4 Nf6 5. Nc3 e6 6. Nf3 Be7 7. cxd5 Nxd5 8. Bd3 Nc6 9. O-O O-O 10. Re1 Nf6 11. a3 b6 12. Ne5 Bb7 13. Ba6 Qc8 14. Bxb7 Qxb7 15. Ra2 1/2-1/2

[Event "Novgorod op"]
[Site "Novgorod"]
[Date "1999.03.24"]
[Round "6"]
[White "Dolmatov, Sergey"]
[Black "Burmakin, Vladimir"]
[Result "0-1"]
[WhiteElo "2589"]
[BlackElo "2534"]
[PlyCount "98"]
[EventDate "1999.03.19"]
[Source "ChessBase"]
[SourceDate "1999.05.10"]

1. e4 c6 2. d4 d5 3. exd5 cxd5 4. c4 Nf6 5. Nc3 e6 6. Nf3 Be7 7. cxd5 Nxd5 8. Bd3 Nc6 9. O-O O-O 10. Re1 Nf6 11. a3 b6 12. Bg5 Bb7 13. Bc2 Nd5 14. Qd3 g6 15. Bh6 Re8 16. Ba4 Nxc3 17. bxc3 Bf6 18. Rad1 Qd5 19. c4 Qh5 20. Qe3 Red8 21. Qf4 Qf5 22. Qxf5 exf5 23. d5 Na5 24. d6 Nxc4 25. d7 Nb2 26. Rd6 Nxa4 27. Rxf6 Bxf3 28. gxf3 Rxd7 29. Rc6 Nc5 30. Kg2 Ne6 31. a4 Rd5 32. Rec1 Rad8 33. R1c4 Rd4 34. Rxd4 Rxd4 35. a5 bxa5 36. Ra6 Rd7 37. Be3 f4 38. Bxa7 Nd8 39. Bb8 Ne6 40. Rxa5 f6 41. Ra4 g5 42. h4 h6 43. hxg5 hxg5 44. Ra6 Kf7 45. Ba7 Rd3 46. Ra4 Kg6 47. Rb4 Ng7 48. Bd4 Nf5 49. Bb2 Rd1 0-1

[Event "Malmo"]
[Site "Malmo"]
[Date "1993.??.??"]
[Round "4"]
[White "Rogers, Ian"]
[Black "Hansen, Lars Bo"]
[Result "1/2-1/2"]
[WhiteElo "2575"]
[BlackElo "2545"]
[PlyCount "50"]
[EventDate "1993.06.??"]
[Source "ChessBase"]

1. e4 c6 2. d4 d5 3. exd5 cxd5 4. c4 Nf6 5. Nc3 e6 6. Nf3 Be7 7. cxd5 Nxd5 8. Bd3 Nc6 9. O-O O-O 10. Re1 Bf6 11. Be4 Qd6 12. Ng5 Bxg5 13. Bxg5 Bd7 14. Qd2 Nce7 15. Bxe7 Nxe7 16. Bxb7 Rab8 17. Be4 Rfd8 18. Rad1 Bc6 19. Qc2 h6 20. h3 Qb4 21. Bxc6 Nxc6 22. d5 exd5 23. Nxd5 Rxd5 24. Qxc6 Rxd1 25. Rxd1 Qxb2 1/2-1/2

[Event "Bled 85/374"]
[Site "?"]
[Date "2002.??.??"]
[Round "?"]
[White "Neverov, V."]
[Black "Mikhalchishin, A."]
[Result "1-0"]
[WhiteElo "2587"]
[BlackElo "2533"]
[PlyCount "69"]
[EventDate "2002.??.??"]
[Source "Chess Informant"]
[SourceDate "2002.06.01"]

1. c4 c5 2. Nc3 Nf6 3. Nf3 d5 4. cxd5 Nxd5 5. e3 e6 6. d4 Be7 7. Bd3 O-O 8. O-O Nc6 9. a3 Nxc3 10. bxc3 b6 11. Qc2 g6 12. Bb2 Bb7 13. Rad1 cxd4 14. cxd4 Rc8 15. Qe2 Bf6 16. h4 Qe7 17. e4 Rfd8 18. Bb1 Na5 19. Ba2 Bc6 20. Rfe1 Ba4 21. Rc1 Bb3 22. Rxc8 Rxc8 23. Bxb3 Nxb3 24. h5 gxh5 25. Qb5 Na5 26. Qxh5 Bg7 27. e5 Nc6 28. Re4 Qf8 29. d5 exd5 30. Rh4 h6 31. Rg4 Nd8 32. e6 Nxe6 33. Qxh6 Rc4 34. Rxg7+ Nxg7 35. Ng5 1-0

[Event "Corr"]
[Site "?"]
[Date "1999.06.30"]
[Round "?"]
[White "Soltau Achim"]
[Black "Kamenets Anatoly V.(UKR)"]
[Result "1/2-1/2"]
[WhiteElo "2577"]
[BlackElo "2540"]
[PlyCount "45"]
[EventDate "1999.??.??"]
[Source "www.chesslib.no"]
[SourceDate "2004.05.04"]

1. e4 c6 2. d4 d5 3. exd5 cxd5 4. c4 Nf6 5. Nc3 e6 6. Nf3 Be7 7. cxd5 Nxd5 8. Bd3 Nc6 9. O-O O-O 10. Re1 Ncb4 11. Bb1 b6 12. a3 Nxc3 13. bxc3 Nd5 14. Qd3 g6 15. Bh6 Re8 16. Bc2 Bf8 17. Bd2 Bg7 18. c4 Ba6 19. Bb3 Rc8 20. Rac1 Qd6 21. Qb1 Nf6 22. Bb4 Qb8 23. Ne5 1/2-1/2

[Event "Romania"]
[Site "?"]
[Date "1999.??.??"]
[Round "?"]
[White "Marin, Mihail"]
[Black "Nisipeanu, L._D."]
[Result "0-1"]
[WhiteElo "2525"]
[BlackElo "2590"]
[PlyCount "46"]
[EventDate "1999.??.??"]
[Source "Chess Informant"]
[SourceDate "1999.10.01"]

1. c4 c5 2. Nf3 Nc6 3. e3 Nf6 4. d4 cxd4 5. exd4 d5 6. Nc3 e6 7. cxd5 Nxd5 8. Bd3 Be7 9. O-O O-O 10. Re1 Nf6 11. a3 b6 12. Bc2 Bb7 13. Qd3 g6 14. Bh6 Re8 15. Rad1 Qc7 16. Bb3 Rad8 17. d5 Ng4 18. Bc1 Bc5 19. dxe6 Rxe6 20. Rxe6 Rxd3 21. Re8+ Kg7 22. Rxd3 Bxf2+ 23. Kh1 Nd4 0-1

[Event "Mind Sports Games - Blitz Team"]
[Site "Pechino CINA"]
[Date "2008.10.13"]
[Round "4"]
[White "Ghaem Maghami, E."]
[Black "Rasmussen, A."]
[Result "1-0"]
[WhiteElo "2599"]
[BlackElo "2513"]
[PlyCount "101"]
[EventDate "2008.10.13"]
[Source "www.chesslib.no"]
[SourceDate "2004.05.04"]

1. e4 c6 2. d4 d5 3. exd5 cxd5 4. c4 Nf6 5. Nc3 e6 6. Nf3 Be7 7. cxd5 Nxd5 8. Bd3 Nc6 9. O-O O-O 10. Re1 Bf6 11. Be4 Nce7 12. Qd3 g6 13. Bh6 Bg7 14. Bxg7 Kxg7 15. Ne5 b6 16. Qd2 Bb7 17. Ng4 Ng8 18. Bxd5 Bxd5 19. Re5 h5 20. Nxd5 exd5 21. Ne3 Nf6 22. Re1 Rc8 23. Qe2 Qd7 24. h3 Rfe8 25. Qf3 Rcd8 26. Qf4 Rxe5 27. dxe5 Ne4 28. Nxd5 Qxd5 29. Rxe4 Re8 30. b3 Re6 31. Re3 Qa5 32. a4 Qd5 33. h4 a5 34. Kh2 Qc5 35. Qe4 Qc7 36. f4 Qe7 37. Kh3 Qc5 38. Qf3 Qd4 39. Kh2 Qc5 40. Re4 Qc1 41. f5 gxf5 42. Qxf5 Rg6 43. Rf4 Qc7 44. Qxh5 Qc6 45. Qf3 Qe6 46. Rf5 Rh6 47. h5 Kf8 48. Qf4 Rh7 49. Kh1 Qxb3 50. Kh2 Rxh5+ 51. Rxh5 1-0

[Event "Buenos Aires Najdorf"]
[Site "Buenos Aires"]
[Date "1993.??.??"]
[Round "7"]
[White "Milos, Gilberto"]
[Black "Campora, Daniel Hugo"]
[Result "0-1"]
[WhiteElo "2560"]
[BlackElo "2550"]
[PlyCount "60"]
[EventDate "1993.04.??"]
[Source "ChessBase"]

1. e4 c6 2. d4 d5 3. exd5 cxd5 4. c4 e6 5. Nc3 Nf6 6. Nf3 Be7 7. cxd5 Nxd5 8. Bd3 Nc6 9. O-O O-O 10. Re1 Ncb4 11. Bb1 Nf6 12. a3 Nbd5 13. Qd3 g6 14. Bh6 Re8 15. Ne5 Nxc3 16. bxc3 Nd7 17. Nf3 b6 18. Ba2 Bb7 19. Re3 Rc8 20. c4 Bf6 21. Rae1 Bxf3 22. Rxf3 e5 23. Rfe3 Re7 24. Qe2 Qc7 25. Bb3 a6 26. Qf3 Rce8 27. Ba4 b5 28. cxb5 Qa5 29. Bb3 exd4 30. Bxf7+ Kh8 0-1

[Event "Rishon Le Ziyyon 9798"]
[Site "Rishon Le Ziyyon"]
[Date "1997.12.27"]
[Round "3"]
[White "Novikov, Igor A"]
[Black "Golod, Vitali"]
[Result "1/2-1/2"]
[WhiteElo "2590"]
[BlackElo "2515"]
[PlyCount "69"]
[EventDate "1997.12.25"]
[Source "ChessBase"]
[SourceDate "1998.03.09"]

1. d4 Nf6 2. c4 e6 3. Nf3 d5 4. Nc3 c5 5. cxd5 Nxd5 6. e3 Nc6 7. Bd3 cxd4 8. exd4 Be7 9. O-O O-O 10. Re1 Nxc3 11. bxc3 b6 12. Qc2 g6 13. Qd2 Bf6 14. h4 Bb7 15. h5 Ne7 16. hxg6 Nxg6 17. Ba3 Be7 18. Bxe7 Qxe7 19. Be4 Bxe4 20. Rxe4 Qf6 21. Rae1 Rfd8 22. Ne5 Nxe5 23. Rxe5 Kh8 24. R1e4 Rg8 25. Rf4 Qg6 26. g3 Rac8 27. d5 Qg7 28. Rh5 exd5 29. Rfh4 f6 30. Rxd5 Rce8 31. Qd4 Rgf8 32. Rdh5 Re7 33. Qd6 Ref7 34. Rh6 f5 35. Qd4 1/2-1/2

[Event "Beersheba-St Petersburg"]
[Site "Beersheba"]
[Date "1998.??.??"]
[Round "7"]
[White "Golod, Vitali"]
[Black "Ivanov, Sergey"]
[Result "1-0"]
[WhiteElo "2535"]
[BlackElo "2570"]
[PlyCount "115"]
[EventDate "1998.03.03"]
[Source "www.chesslib.no"]
[SourceDate "2004.05.04"]

1. d4 Nf6 2. c4 e6 3. Nf3 d5 4. e3 c5 5. a3 cxd4 6. exd4 Be7 7. Nc3 O-O 8. cxd5 Nxd5 9. Bd3 Nc6 10. O-O Bf6 11. Re1 Qb6 12. Be4 Nce7 13. Ne5 g6 14. Bh6 Bg7 15. Bxg7 Kxg7 16. Qd2 f6 17. Nc4 Qa6 18. Rac1 Bd7 19. Nxd5 Nxd5 20. Bxd5 exd5 21. Re7+ Rf7 22. Rxf7+ Kxf7 23. Ne3 Qd6 24. Qa5 Bc6 25. g3 b6 26. Qb4 Qd7 27. Qd2 Re8 28. Qc3 Re6 29. Ng2 Bb5 30. Qd2 Kg7 31. Nf4 Rc6 32. Re1 g5 33. Ng2 Qf5 34. Ne3 Qd3 35. Qxd3 Bxd3 36. Nxd5 Rd6 37. Nb4 Bc4 38. Rd1 a5 39. Nc2 Bb3 40. Ne3 Bxd1 41. Nf5+ Kf7 42. Nxd6+ Ke6 43. Ne4 Bf3 44. Nc3 Kf5 45. Kf1 h5 46. Ke1 Kg4 47. Kd2 Kh3 48. Ke3 Bb7 49. Ne4 Kxh2 50. Nxf6 h4 51. Nh7 hxg3 52. fxg3 Kxg3 53. Nxg5 Kg4 54. Ne4 Bc6 55. d5 Ba4 56. Kd4 Kf5 57. Nd6+ Kg6 58. Nc4 1-0

[Event "CCOL10 fin 8893"]
[Site "CCOL10 fin 8893"]
[Date "1988.??.??"]
[Round "?"]
[White "Gasiorowski, Ryszard"]
[Black "Webb, Simon"]
[Result "1/2-1/2"]
[WhiteElo "2475"]
[BlackElo "2625"]
[PlyCount "52"]
[EventDate "1988.??.??"]
[Source "www.chesslib.no"]
[SourceDate "2004.05.04"]

1. d4 Nf6 2. c4 e6 3. Nf3 d5 4. Nc3 c5 5. cxd5 Nxd5 6. e3 Nc6 7. Bd3 cxd4 8. exd4 Be7 9. O-O O-O 10. a3 Nxc3 11. bxc3 b6 12. Qe2 Bb7 13. Re1 Rc8 14. Qe4 g6 15. Bh6 Na5 16. Qe2 Bxf3 17. Qxf3 Rxc3 18. Bxf8 Bxf8 19. Qe4 Nb3 20. Rad1 Nxd4 21. Ba6 Bg7 22. Re3 Rc5 23. Red3 Rd5 24. a4 h5 25. Bc4 Rd6 26. Kh1 Qd7 1/2-1/2

[Event "Elista (ol) 73/478"]
[Site "?"]
[Date "1998.??.??"]
[Round "?"]
[White "Damljanovic, Branko"]
[Black "Torre, Eugenio"]
[Result "1-0"]
[WhiteElo "2555"]
[BlackElo "2545"]
[PlyCount "73"]
[EventDate "1998.??.??"]
[Source "ChessBase"]
[SourceDate "1998.06.01"]

1. c4 c6 2. e4 d5 3. exd5 cxd5 4. d4 Nf6 5. Nc3 e6 6. Nf3 Be7 7. cxd5 Nxd5 8. Bd3 O-O 9. O-O Nc6 10. Re1 Bf6 11. Be4 Nce7 12. Qd3 g6 13. Bh6 Bg7 14. Bxg7 Kxg7 15. Qd2 Qd6 16. Ne5 Bd7 17. h4 Bc6 18. Rad1 Rad8 19. Bxd5 Bxd5 20. Ng4 Nf5 21. h5 f6 22. h6+ Kf7 23. Ne3 Bc6 24. Nxf5 gxf5 25. Qe2 Rg8 26. Qh5+ Kf8 27. d5 Rg5 28. Qe2 exd5 29. Nb5 Qb4 30. Nc7 Rd6 31. Qe7+ Kg8 32. g3 Qf4 33. Rd3 Bd7 34. Qd8+ Kf7 35. Re7+ Kg6 36. Qg8+ Kh5 37. Qf7+ 1-0

[Event "Zagreb"]
[Site "Zagreb CRO"]
[Date "1972.??.??"]
[Round "6"]
[White "Velimirovic, Dragoljub"]
[Black "Hort, Vlastimil"]
[Result "0-1"]
[WhiteElo "2500"]
[BlackElo "2600"]
[PlyCount "112"]
[EventDate "1972.??.??"]
[Source "www.chesslib.no"]
[SourceDate "2004.05.04"]

1. e4 c6 2. d4 d5 3. exd5 cxd5 4. c4 Nf6 5. Nc3 e6 6. Nf3 Be7 7. cxd5 Nxd5 8. Bd3 Nc6 9. O-O O-O 10. Re1 Bf6 11. Be4 Nce7 12. Bg5 Bxg5 13. Nxg5 Nf5 14. Nf3 b6 15. Qd3 g6 16. Bxf5 exf5 17. Nxd5 Qxd5 18. Re5 Qd6 19. Qe3 Bb7 20. Rd1 Bd5 21. Re1 Rac8 22. Nh4 f6 23. Re7 Rf7 24. Re8+ Rxe8 25. Qxe8+ Rf8 26. Qa4 a5 27. a3 Kg7 28. h3 Rd8 29. Qb5 Rc8 30. Qd3 Be4 31. Qb3 Bd5 32. Qd3 Rd8 33. Rd1 Be4 34. Qe3 Rc8 35. Nf3 Rc2 36. Qb3 Qd5 37. Qxd5 Bxd5 38. Rd2 Rc1+ 39. Kh2 Kf7 40. Ng1 Bc4 41. d5 Ke7 42. Ne2 Re1 43. d6+ Kd7 44. Nc3 Bb3 45. Nd5 Bxd5 46. Rxd5 Re5 47. Rd4 Re6 48. b4 Re4 49. Rd5 axb4 50. a4 f4 51. f3 Rc4 52. Rb5 Kxd6 53. Rxb6+ Kc5 54. a5 Rc3 55. Rxf6 Ra3 56. Rxf4 b3 0-1